Physiology: 700 questions and answers
the book offers a concise review for medical students preparing for physiologe courses and Board examinations. It reflects the increasing clinical knowledge in physiology and contains 700 multiple-choice, exam-type questions. Explanatory answers with updated references are provided for furthur study
Gardado en:
| Autor Principal: | |
|---|---|
| Formato: | Libro |
| Idioma: | Undetermined |
| Publicado: |
Stamford, Connecticut
Appleton and Lange
1996
|
| Những chủ đề: | |
| Các nhãn: |
Engadir etiqueta
Sen Etiquetas, Sexa o primeiro en etiquetar este rexistro!
|
| Thư viện lưu trữ: | Trung tâm Học liệu Trường Đại học Cần Thơ |
|---|
| LEADER | 00806nam a2200193Ia 4500 | ||
|---|---|---|---|
| 001 | CTU_19131 | ||
| 008 | 210402s9999 xx 000 0 und d | ||
| 082 | |a 612 | ||
| 082 | |b P412 | ||
| 100 | |a David G Penny | ||
| 245 | 0 | |a Physiology: 700 questions and answers | |
| 245 | 0 | |c David G Penny | |
| 260 | |a Stamford, Connecticut | ||
| 260 | |b Appleton and Lange | ||
| 260 | |c 1996 | ||
| 520 | |a the book offers a concise review for medical students preparing for physiologe courses and Board examinations. It reflects the increasing clinical knowledge in physiology and contains 700 multiple-choice, exam-type questions. Explanatory answers with updated references are provided for furthur study | ||
| 650 | |a physiology | ||
| 904 | |i Minh, 971009 | ||
| 980 | |a Trung tâm Học liệu Trường Đại học Cần Thơ | ||